The Universe in gamma rays (Record no. 14271)

MARC details
000 -LEADER
fixed length control field 00648nam a2200217Ia 4500
003 - CONTROL NUMBER IDENTIFIER
control field IN-BaIIA
008 - FIXED-LENGTH DATA ELEMENTS--GENERAL INFORMATION
fixed length control field 211028s9999 xx 000 0 eng d
020 ## - INTERNATIONAL STANDARD BOOK NUMBER
International Standard Book Number 3-540-67874-3
040 ## - CATALOGING SOURCE
Transcribing agency IIA Library
080 ## - UNIVERSAL DECIMAL CLASSIFICATION NUMBER
Universal Decimal Classification number 52-732
Item number THE
245 #4 - TITLE STATEMENT
Title The Universe in gamma rays
Statement of responsibility, etc. edited by V. Schonfelder and M. J. Sparnaay
260 ## - PUBLICATION, DISTRIBUTION, ETC.
Place of publication, distribution, etc. Berlin
Name of publisher, distributor, etc. Springer-Verlag
Date of publication, distribution, etc. 2001
300 ## - PHYSICAL DESCRIPTION
Extent xiv, 407p.
490 ## - SERIES STATEMENT
Series statement Astronomy and astrophysics library
650 ## - SUBJECT ADDED ENTRY--TOPICAL TERM
Topical term or geographic name entry element Gamma ray bursts
9 (RLIN) 10403
650 ## - SUBJECT ADDED ENTRY--TOPICAL TERM
Topical term or geographic name entry element Gamma ray pulsars
9 (RLIN) 25237
650 ## - SUBJECT ADDED ENTRY--TOPICAL TERM
Topical term or geographic name entry element Nucleosynthesis
650 ## - SUBJECT ADDED ENTRY--TOPICAL TERM
Topical term or geographic name entry element Sun-gamma ray source
9 (RLIN) 25238
700 ## - ADDED ENTRY--PERSONAL NAME
Personal name Schonfelder, V., ed.
9 (RLIN) 25239
942 ## - ADDED ENTRY ELEMENTS (KOHA)
Koha item type Books
Holdings
Withdrawn status Lost status Damaged status Not for loan Home library Current library Shelving location Date acquired Source of acquisition Cost, normal purchase price Total Checkouts Full call number Barcode Date last seen Date last checked out Cost, replacement price Price effective from Koha item type Purchase Price
        IIA Library-Bangalore IIA Library-Bangalore General Stacks 28/09/2001 GANESH 3282.81 1 52-732/ THE 15191 20/12/2021 08/12/2021 3282.81 28/09/2001 Books Rs. 3282.81

Powered by Koha